000 00197 a2200097 4500
020 _a9780545488716
041 _aspa
100 _aNorman Bridwell
245 _aClifford y su cumpleaǫs
942 _cK
999 _c30524
_d30522